Lex talionis, sive, Vindiciae pharmacoporum : or a short reply to Dr. Merretts book, and others written against the apothecaries : wherein may be discovered the frauds and abuses committed by doctors professing and practising pharmacy.

Bibliographic Details
Other Authors: Stubbe, Henry, 1632-1676
Format: Microform Book
Language:English
Series:Early English books, 1641-1700 ; 1316:19.
Subjects:

MARC

Tag First Indicator Second Indicator Subfields
LEADER 00000cam a2200000 a 4500
001 in00000891793
005 20150923140950.0
007 hd afv---baca
007 hz bfv---baaa
008 830413s1670 miu a 00000 eng d
035 |a (OCoLC)09407208 
035 |9 AEL4762AM 
037 |a CL0037000044  |b University Microfilms International 
037 |b University Microfilms International, 300 N. Zeeb Rd., Ann Arbor, MI 48106 
040 |a UMI  |c UMI  |d m/c  |d UtOrBLW 
043 |a e-uk--- 
049 |a TXAI 
090 |a RS78  |b .L56 
099 |a film   |a  B   |a  3609 
245 0 0 |a Lex talionis, sive, Vindiciae pharmacoporum :  |b or a short reply to Dr. Merretts book, and others written against the apothecaries : wherein may be discovered the frauds and abuses committed by doctors professing and practising pharmacy. 
264 3 |a London :  |b Printed and are to be sold by Moses Pitt,  |c 1670. 
300 |a 4 unnumbered pages, 32 pages 
336 |a text  |b txt  |2 rdacontent 
337 |a microform  |b h  |2 rdamedia 
338 |a microfilm reel  |b hd  |2 rdacarrier 
500 |a Attributed by Christopher Merret and Wing to Henry Stubbe, who denied authorship. 
500 |a Reproduction of original in the Cambridge University Library. 
510 4 |a Wing  |c S6055. 
533 |a Microfilm.  |b Ann Arbor, Mich. :  |c University Microfilms International,  |d 1982.  |e 1 microfilm reel ; 35 mm.  |f (Early English books, 1641-1700 ; 1316:19) 
500 |a Microform. 
600 1 0 |a Merret, Christopher,  |d 1614-1695.  |t Short view of the frauds and abuses committed by apothecaries. 
650 0 |a Pharmacists. 
650 0 |a Pharmacy  |z Great Britain. 
700 1 |a Stubbe, Henry,  |d 1632-1676. 
740 2 |a A short reply to Dr. Merretts book. 
740 0 |a Vindiciae pharmacoporum. 
830 0 |a Early English books, 1641-1700 ;  |v 1316:19. 
999 |a MARS 
999 f f |s 9782b4bf-750b-37f0-aed3-873bba01c59e  |i 93648e26-f37a-3e5a-80d7-69224ba0ba2b  |t 0 
952 f f |p default  |a Texas A&M University  |b College Station  |c Sterling C. Evans Library  |d Evans: Microforms (3rd floor)  |t 0  |e film B 3609 1316:19  |h Other scheme  |i microform -- microfilm reel 
998 f f |a film B 3609 1316:19  |t 0  |l Evans: Microforms (3rd floor)